000 00199nam a2200085Ia 4500
245 0 _aIraq
100 _a MASON, Paul New York, 2009
942 _cBK
008 210818s9999 xx 000 0 und d
999 _c461076
_d461075